| 000 | 00819ntm a22002897a 4500 | ||
|---|---|---|---|
| 005 | 20170306110557.0 | ||
| 008 | 170303b xxu||||| |||| 00| 0 spa d | ||
| 020 | _a9788496169227 | ||
| 041 | _aspa | ||
| 082 | _a395 C961m | ||
| 100 |
_aCuadrado Esclapez, Carmen _92780 |
||
| 245 | _aMi jefe me sigue cediendo el paso: manual de protocolo para la secretaria ejecutiva | ||
| 260 | _aEspaña | ||
| 260 | _bFundación Confemetal | ||
| 260 | _c2016 | ||
| 300 | _a245 páginas | ||
| 650 |
_aPROTOCOLO _92781 |
||
| 650 |
_aETIQUETA _92786 |
||
| 650 |
_aPROTOCOLO EN LA EMPRESA _921638 |
||
| 650 |
_aNORMAS DE CORTESÍA _92894 |
||
| 650 |
_aACTOS PÚBLICOS _916500 |
||
| 650 |
_aREUNIONES _91559 |
||
| 650 |
_aCARTAS _92564 |
||
| 650 |
_aTELEFONOS _95272 |
||
| 650 |
_aPROTOCOLO EN INTERNET _940873 |
||
| 942 | _cBK | ||
| 999 |
_c8944 _d8944 |
||